| 000 | 00000nam 2200000za 4500 |
| 001 | 9.812570 |
| 003 | CaOODSP |
| 005 | 20221107141343 |
| 007 | cr ||||||||||| |
| 008 | 160502s2013 xxc |o f|0| 0 eng d |
| 040 | |aCaOODSP|beng |
| 043 | |an-cn--- |
| 086 | 1 |aR5-104/2013E-PDF |
| 110 | 1 |aCanada. |bAboriginal Affairs and Northern Development Canada. |bAudit and Assurance Services Branch. |
| 245 | 10|aInternal audit report. Management practices audit of the Human Resources and Workplace Services Branch |h[electronic resource] / |cprepared by Audit and Assurance Services Branch. |
| 260 | |a[Gatineau, Québec] : |bAboriginal Affairs and Northern Development Canada, |c2013. |
| 300 | |aii, 22 p. : |bfig., tables. |
| 500 | |aNovember 2013. |
| 500 | |a"Project #: 13-55." |
| 500 | |aIssued also in French under title: Rapport de vérification interne. Vérification des pratiques de gestion de la Direction générale des services de ressources humaines et du milieu de travail. |
| 692 | 07|2gccst|aAudit |
| 775 | 08|tRapport de vérification interne. Vérification des pratiques de gestion de la Direction générale des services de ressources humaines et du milieu de travail |w(CaOODSP)9.816665 |
| 856 | 40|qPDF|s163 KB|uhttps://publications.gc.ca/collections/collection_2016/aanc-inac/R5-104-2013-eng.pdf |